Biblioteca

Latin America's fifth wave of protestant churches (Registro nro. 57385)

Detalles MARC
000 -LÍDER
Campo fijo de descripción fija 01466aab a2200229 i 4500
001 - NÚMERO DE CONTROL
Campo de control 768714001
003 - IDENTIFICADOR DEL NÚMERO DE CONTROL
Campo de control CO-MdFUSB
005 - FECHA Y HORA DE LA ULTIMA TRANSACCIÓN
control field 20240805121538.0
008 - ELEMENTOS DE LONGITUD FIJA -- INFORMACIÓN GENERAL
Campo fijo de descripción fija -- Información general 240805t1996 -us||||| |||| 00| 0 eng d
040 ## - FUENTE DE CATALOGACIÓN
Idioma de catalogación spa
Agencia que realiza la transcripción CO-MdFUSB
041 ## - CÓDIGO DE IDIOMA
Código de idioma para texto/pista de sonido o título separado eng
100 1# - ASIENTO PRINCIPAL--NOMBRE PERSONAL
Nombre personal Berg, Clayton L. (Mike) (1928-)
Término relacionador auotr
245 00 - TÍTULO
Título Latin America's fifth wave of protestant churches
Mención de responsabilidad / Clayton L. Berg y Paul E. Pretiz
520 ## - NOTA DE RESUMEN, ETC.
Nota de sumario, etc. Los autores identificaron cinco olas de avance protestante, la quinta siendo el surgimiento de iglesias autóctonas o de base, que son iglesias que se han desarrollado completamente en suelo mexicano, sin ninguna participación de misioneros expatriados.<br/>Por "autóctonas" se refieren a iglesias que (1) se han desarrollado espontáneamente, sin una historia de participación misionera; o (2) fueron plantadas por esfuerzos misioneros de otras iglesias autóctonas latinoamericanas; o (3) anteriormente estaban relacionadas con la misión pero han roto vínculos extranjeros y reflejan la cultura del pueblo en el sentido más profundo. Los dos criterios son la autonomía y la contextualización
546 ## - NOTA DE IDIOMA
Nota de idioma Texto en inglés.
650 #0 - ASIENTO SECUNDARIO DE MATERIA - TERMINO TEMÁTICO
Término temático o nombre geográfico como elemento de entrada Misiones
9 (RLIN) 154
650 #0 - ASIENTO SECUNDARIO DE MATERIA - TERMINO TEMÁTICO
Término temático o nombre geográfico como elemento de entrada Evangelización
9 (RLIN) 362
650 #7 - ASIENTO SECUNDARIO DE MATERIA - TERMINO TEMÁTICO
Término temático o nombre geográfico como elemento de entrada Cristianismo y cultura
Subdivisión geográfica América Latina
9 (RLIN) 6961
773 0# - ASIENTO DE ITEM FUENTE
Título International Bulletin
Biblionumber 49483
Itemnumber 61009
Parte(s) relacionada(s) / Volumen., número. (mes año), páginas Volumen 20, (número 4, 1996), páginas: 157 - 159
Enumeración y primera página página: 157
942 ## - TIPO DE MATERIAL (KOHA)
Tipo de Item KOHA Artículos de Revista
945 ## - INFORMACIÓN LOCAL DEL REGISTRO
Catalogador Catherine Arias Álvarez - Practicante SENA

No hay ítems disponibles.

Biblioteca FUSBC | Teléfono: (57+4) 349 88 10 Ext. 141| WhatsApp (+57) 3005338115 
E-mail: biblioteca@unisbc.edu.co | Calle 76 87-14 Robledo Palenque, Medellín, Colombia

Con tecnología Koha